00539nam a22001455i 450000100060000000300090000600700030001500800410001804000200005910000180007924501870009726000580028430000290034285200220037198643ES-MaACLt|950918s1866 fr ||||1| fre d aCAM bspa cCAM1 aEgger, Emile.10aEtudes historiques sur les traités publics chez les grecs et chez les romains depuis les temps les plus anciens jusqu'aux premiers siécles de l'ere chrètienne / cpar E. Egger. aParis : b[s.n.], c1866 (fAd. Lainé et J. Havard) aXVIII, 320 p. ; c22 cm. aES-MaACLjG-13191